Mysterium magnum : El gran misterio /

Guardado en:
Bibliografiske detaljer
Hovedforfatter: Böhme, Jacob (autor)
Andre forfattere: Reguera, Isidoro (prefacio) (prefacio), Martínez Albarracín, Francisco (traducción) (traducción)
Format: Bog
Sprog:spansk
Udgivet: Girona, España : Atalanta, 2024, c2024
Serier:(Memoria Mundi ; 165)
Fag:
Tags: Tilføj Tag
Ingen Tags, Vær først til at tagge denne postø!

MARC

LEADER 00000nam^a2200000^a^4500
001 000627687
005 20260210000000.0
009 20260310134058.549
020 |a 978-84-128423-2-6 
037 |a Acervo ITESO - Biblioteca 
041 |a ESP 
082 |a 248. 22  |b BOH 
100 |a Böhme, Jacob  |e (autor) 
245 1 0 |a Mysterium magnum :  |b El gran misterio /  |c J. Böhme ; pref. de I. Reguera ; nota y tr. por F. Martínez Albarracín. 
264 4 |a Girona, España :  |b Atalanta,  |c 2024, c2024 
300 |a 966 p. 
336 |a texto  |b txt  |2 rdacontenido 
337 |a sin mediación  |b n  |2 rdamedio 
338 |a volumen  |b nc  |2 rdasoporte 
440 1 |a (Memoria Mundi ;  |v 165) 
500 |a Traducción de: Mysterium Magnum 
521 |a FIL 2025 DIA 
649 |a XX 
650 |a Misticismo Cristiano -  |x Tema Principal 
650 |a Biblia -  |x Antiguo Testamento -  |x Historia y Crítica 
650 |a Libros Sagrados -  |x Historia y Crítica 
650 |a Filosofía y Religión 
650 |a Filosofía Alemana 
650 |a Protestantismo 
650 |a Cristianismo 
650 |a Religión 
700 |a Reguera, Isidoro  |e (prefacio) 
700 |a Martínez Albarracín, Francisco  |e (traducción) 
910 |a Fondo General 
920 |a Impresos - Libros 
930 |a Colección General 
905 |a 101 
901 |a 627687-10  |b IT1  |c ACC  |i C192573  |u 20260210 
902 |a https://opac.biblio.iteso.mx/vufind/Record/000627687